000 00911nam a2200217 i 4500
001 187080
003 SpMaBN
005 20230906222819.0
008 170411s1991 sp |||| | spa d
020 _a84-7719-245-6
080 _a32(47+57)"1985/91"(063)
245 0 3 _aLa Perestroika, problemas y perspectivas de la reforma en los países socialistas /
_cF. Carantoña A., G. Puente F., Eds. ; Manuel Azcárate, N.V. Butusova, Fernando Claudín ... [et al.].
260 _aLeón :
_bUniversidad, Secretariado de Publicaciones,
_c[1991]
300 _a164 p. ;
_c21 cm.
594 _aPonencias presentadas en el Coloquio Internacional celebrado en León del 8 al 10 de marzo de 1989.
651 4 _aURSS-
_xHistoria-
_y1985-1991.
_9157400
700 1 _aCarantoña Álvarez, Francisco.
_9162330
700 1 _aAzcárate, Manuel.
_924247
710 2 _aUniversidad de León.
_97200
852 _aES-MaACL
_jL-31401
999 _c187080
_d187080